10 jogos mais vendidos nos últimos tempos - Statistics

Estatísticas Gerais
  • Esse quiz foi jogado 279 vezes
  • A pontuação média é 3 de 10
Estatísticas das Respostas
Cópias vendidas Nome Do Jogo % Correto
300 milhões de cópias Minecraft
89%
+50 milhões de cópias Super Mário
60%
205 milhões de cópias GTA V
57%
520 milhões de cópias Tetris
44%
67 milhões de cópias Read Dead Redemption
32%
72,73 milhões de cópias Mario Kart
16%
82,9 milhões de cópias Wii Sports
15%
75 milhões de cópias PUBG
13%
+50 milhões de cópias Overwatch
7%
+50 milhões de cópias The Witcher
5%
Nenhum quiz correspondente encontrado
Distribuição das Pontuações
Porcentagem de Pessoas com Cada Pontuação
Percentil de Números Respondidos
Sua Pontuação Histórica
Você não jogou esse quiz